000 00778nam a2200241 a 4500
001 48257
003 BD-RjUL
005 20211209054504.0
008 160813s1978 bg ||||| |||| 00| 0 ben d
020 _c: Tk. 9.00
035 _a(BD-RjUL)48376
040 _aBD-RjUL
_bben
_cBD-RjUL
041 _aben
082 _223
_a891.72
_bCHA 1978
100 1 _aচেখভ, আন্তম
_9146133
245 1 0 _aআইভেনভ /
260 _aঢাকা :
_bমুক্তধারা,
_c১৯৭৮
300 _a[৮], ১৪৬ পৃ. ;
_c২৩ সেমি.
650 _aরাশিয়ান নাটক
_9145425
650 _aRussian Drama
_9145426
700 _aখান, মোবারক হোসেন, অনুবাদক
_9146134
942 _2ddc
_cBK
999 _c48257
_d48257